00727nam a2200205 i 450000100060000000300090000600500170001500700030003200800410003510000210007624501710009725000500026826000740031830000280039270000180042070000210043870000160045970000250047585200210050084489ES-MaACL20230906175025.0t|041123s1935 sp ||||1| spa d1 aJochmann, Georg.10aTratado de las enfermedades infecciosas / cGeorg Jochmann, C. Hegler ; publicado con la colaboración de B. Nocht y E. Paschen ; traducción de Francisco Piñero. a2ª ed. alemán rev. y amp. bpor C. Hegler. aBarcelona : b[s.n., c1935] (fTalleres Gráficos Ibero Americanos) aXII, 1180 p. ; c25 cm.1 aHegler, Carl.1 aNocht, Bernhard.1 aPaschen, E.1 aPiñero, Francisco. aES-MaACLjE-1300